[Event "LLHH 2122 SK Weisse Dame - SC Königssp"]
[Site "?"]
[Date "2021.11.21"]
[Round "2.7"]
[White "Goetz, Claus"]
[Black "Kuhle, Sebastian"]
[Result "0-1"]
[WhiteElo "1910"]
[BlackElo "2041"]
[PlyCount "56"]
[EventDate "2021.??.??"]

1. e4 e5 2. Nf3 Nf6 3. Nxe5 d6 4. Nf3 Nxe4 5. d4 d5 6. Bd3 Nc6 7. O-O Bg4 8. c3
Be7 9. Re1 f5 10. Nbd2 O-O 11. Qb3 Na5 12. Qc2 Nc6 13. b4 a6 14. a4 Kh8 15. Rb1
Bd6 16. b5 axb5 17. axb5 Ne7 18. Ne5 Ng6 19. Nxg6+ hxg6 20. Nf1 Qh4 21. f3
Bxh2+ 22. Nxh2 Qxe1+ 23. Nf1 Qh4 24. fxg4 fxg4 25. Bxe4 dxe4 26. g3 Rxf1+ 27.
Kxf1 Rf8+ 28. Bf4 Qxg3 0-1

[Event "LLHH 2122 SK Weisse Dame - SC Königssp"]
[Site "?"]
[Date "2021.11.21"]
[Round "2.8"]
[White "Purniel Umpierre, Christian"]
[Black "Melde, Christian"]
[Result "0-1"]
[WhiteElo "1988"]
[BlackElo "1975"]
[PlyCount "112"]
[EventDate "2021.??.??"]

1. d4 d5 2. Nc3 Nf6 3. Bf4 e6 4. e3 Bd6 5. Nf3 O-O 6. Bd3 Bxf4 7. exf4 c5 8.
dxc5 Nbd7 9. b4 Qc7 10. Ne2 b6 11. cxb6 axb6 12. a3 Ba6 13. O-O Rfc8 14. Nfd4
Nf8 15. g3 Bc4 16. f3 Ra6 17. Qc1 b5 18. Qb2 e5 19. fxe5 Qxe5 20. Bxc4 dxc4 21.
c3 Nd5 22. Rfe1 Qh5 23. Rf1 Rf6 24. Qd2 Re8 25. g4 Qh3 26. Ng3 Nf4 27. Rae1
Rxe1 28. Rxe1 Nd3 29. Re8 g6 30. Ne4 Rxf3 31. Nxf3 Qxf3 32. Qg2 Qf4 33. h3 Kg7
34. Qf1 Qe3+ 35. Kh2 Nf4 36. h4 N8e6 37. g5 Qxe4 38. Qf2 Nh5 39. Qd4+ Qxd4 40.
cxd4 Nxd4 41. Re4 c3 42. Re3 c2 43. Rc3 Nf4 44. a4 Nd5 45. Rc5 Nxb4 46. axb5
Nxb5 47. Kg2 Na3 48. Kf3 Nd3 49. Rc3 c1=Q 50. Rxc1 Nxc1 51. Kg4 h5+ 52. Kf4 Nb3
53. Ke5 Nc5 54. Kd4 Ne6+ 55. Ke5 Nc2 56. Ke4 Ne1 0-1

[Event "LLHH 2122 FC St. Pauli II - SK Marmstor"]
[Site "?"]
[Date "2021.11.21"]
[Round "2.1"]
[White "Hebbinghaus, Holger"]
[Black "Trisic, Aleksandar"]
[Result "1/2-1/2"]
[WhiteElo "2295"]
[BlackElo "2347"]
[PlyCount "40"]
[EventDate "2021.??.??"]

1. d4 Nf6 2. Nf3 e6 3. g3 d5 4. Bg2 c5 5. O-O Nc6 6. c4 cxd4 7. Nxd4 Qb6 8.
Nxc6 bxc6 9. Nc3 Be7 10. cxd5 Nxd5 11. Qc2 Ba6 12. Bd2 O-O 13. Rac1 Rac8 14. a3
Rfd8 15. b4 Nxc3 16. Bxc3 c5 17. Qb2 cxb4 18. axb4 Rc4 19. Bxg7 Qxb4 20. Bf3
Qxb2 1/2-1/2

[Event "LLHH 2122 FC St. Pauli II - SK Marmstor"]
[Site "?"]
[Date "2021.11.21"]
[Round "2.2"]
[White "Jahncke, Giso"]
[Black "Hawellek, Jeronimo"]
[Result "1-0"]
[WhiteElo "2324"]
[BlackElo "2253"]
[PlyCount "77"]
[EventDate "2021.??.??"]

1. d4 Nf6 2. Nf3 e6 3. c4 b6 4. g3 Bb7 5. Bg2 Be7 6. O-O O-O 7. Nc3 Na6 8. d5
Bb4 9. Nh4 Nc5 10. Qd4 Re8 11. e4 Bxc3 12. bxc3 d6 13. f4 exd5 14. e5 Nfd7 15.
exd6 dxc4 16. Bxb7 Nxb7 17. dxc7 Qxc7 18. Ba3 Nf6 19. Rae1 Rad8 20. Rxe8+ Rxe8
21. Nf5 Re4 22. Qd2 g6 23. Nh6+ Kg7 24. f5 Qe5 25. fxg6 fxg6 26. Nf7 Kxf7 27.
Qd7+ Kg8 28. Qxb7 Qe6 29. Qb8+ Ne8 30. Qxa7 Re1 31. Rxe1 Qxe1+ 32. Kg2 Qe2+ 33.
Kg1 Qd1+ 34. Kg2 Qc2+ 35. Kh3 Qf5+ 36. Kg2 Qe6 37. Qa8 h5 38. Qf3 Nf6 39. h4 {
(ZÜ)} 1-0

[Event "LLHH 2122 FC St. Pauli II - SK Marmstor"]
[Site "?"]
[Date "2021.11.21"]
[Round "2.4"]
[White "Breyther, Ruediger"]
[Black "Ramme, Christoph"]
[Result "1/2-1/2"]
[WhiteElo "2247"]
[BlackElo "2140"]
[PlyCount "107"]
[EventDate "2021.??.??"]

1. e4 c5 2. Nf3 Nc6 3. Bb5 g6 4. O-O Bg7 5. c3 Qb6 6. a4 Nf6 7. Re1 O-O 8. Na3
d6 9. d3 Bd7 10. h3 Qd8 11. Nc4 a6 12. Bxc6 Bxc6 13. a5 Nd7 14. Bg5 h6 15. Bh4
Nf6 16. Nb6 Rb8 17. Bxf6 Bxf6 18. d4 cxd4 19. cxd4 e5 20. d5 Bb5 21. Qd2 Bg7
22. Qb4 f5 23. Nd2 Bf6 24. Ra3 Bg5 25. Nf3 Be7 26. Rc3 Rf7 27. Rec1 Qf8 28. Rc7
Bd8 29. Rxf7 Kxf7 30. Rc3 Kg7 31. exf5 gxf5 32. Nh4 f4 33. Nf3 Kg6 34. Nd2 Be7
35. Rc7 Re8 36. Qe4+ Qf5 37. Rxb7 Bd3 38. Qxf5+ Kxf5 39. f3 Bh4 40. Ndc4 Rd8
41. Rf7+ Kg6 42. Rc7 e4 43. fxe4 Bxe4 44. Rc6 Be7 45. Nd2 Kf5 46. Rc4 Bd3 47.
Rd4 Bb5 48. Nf3 Bf6 49. Rb4 Re8 50. Nc4 Bxc4 51. Rxc4 Bxb2 52. Rc6 Ba3 53. Rxa6
Ke4 54. Rc6 1/2-1/2

[Event "LLHH 2122 FC St. Pauli II - SK Marmstor"]
[Site "?"]
[Date "2021.11.21"]
[Round "2.5"]
[White "Diekmann, Jens"]
[Black "Mitscherling, Andreas"]
[Result "1/2-1/2"]
[WhiteElo "2061"]
[BlackElo "2201"]
[PlyCount "38"]
[EventDate "2021.??.??"]

1. c4 e6 2. Nf3 Nf6 3. b3 b6 4. Bb2 Bb7 5. g3 Be7 6. Bg2 O-O 7. O-O c5 8. d4
cxd4 9. Nxd4 Bxg2 10. Kxg2 d5 11. cxd5 Qxd5+ 12. Kg1 Nc6 13. Nxc6 Qxc6 14. Ba3
Qb7 15. Qc1 Rac8 16. Qb2 Rfd8 17. Bxe7 Qxe7 18. Nd2 e5 19. Rac1 Rxc1 1/2-1/2

[Event "LLHH 2122 FC St. Pauli II - SK Marmstor"]
[Site "?"]
[Date "2021.11.21"]
[Round "2.6"]
[White "zur Lage, Julian"]
[Black "Koenig, Friedrich Theodor"]
[Result "1-0"]
[WhiteElo "2155"]
[BlackElo "1891"]
[PlyCount "61"]
[EventDate "2021.??.??"]

1. d4 d5 2. Nf3 Nf6 3. c4 c6 4. Qc2 dxc4 5. Qxc4 Bf5 6. g3 e6 7. Bg2 Be7 8. O-O
O-O 9. Rd1 Nbd7 10. e3 Rc8 11. Qe2 Be4 12. Nc3 Qb6 13. Nxe4 Nxe4 14. Ne5 Nxe5
15. Bxe4 Nd7 16. b3 Qa5 17. Bb2 Ba3 18. Rac1 Rfe8 19. Bc3 Qb6 20. Rc2 Bf8 21.
Bb2 g6 22. h4 h5 23. Bf3 Bg7 24. Rcd2 e5 25. dxe5 Nxe5 26. Bxe5 Bxe5 27. Rd7
Bxg3 28. Bxh5 Bxf2+ 29. Kxf2 gxh5 30. Qf3 f5 31. Qg3+ 1-0

[Event "LLHH 2122 FC St. Pauli II - SK Marmstor"]
[Site "?"]
[Date "2021.11.21"]
[Round "2.7"]
[White "Peschke, Matthias"]
[Black "Priebe, Jan"]
[Result "0-1"]
[WhiteElo "2008"]
[BlackElo "2191"]
[PlyCount "42"]
[EventDate "2021.??.??"]

1. c4 Nf6 2. g3 g6 3. Bg2 Bg7 4. Nc3 O-O 5. e3 e5 6. Nge2 d6 7. d3 Nc6 8. Rb1
a5 9. a3 Be6 10. O-O d5 11. cxd5 Nxd5 12. Qc2 Qd7 13. Nxd5 Bxd5 14. Bxd5 Qxd5
15. b3 Rad8 16. Rd1 Rd7 17. Bb2 Rfd8 18. Rd2 Qf3 19. Rbd1 h5 20. d4 h4 21. dxe5
h3 0-1

[Event "LLHH 2122 FC St. Pauli II - SK Marmstor"]
[Site "?"]
[Date "2021.11.21"]
[Round "2.8"]
[White "Richter, Maik"]
[Black "Anderberg, Peter"]
[Result "1-0"]
[WhiteElo "2175"]
[BlackElo "2003"]
[PlyCount "73"]
[EventDate "2021.??.??"]

1. e4 e5 2. Nf3 Nc6 3. Bc4 Bc5 4. c3 Nf6 5. d4 exd4 6. e5 d5 7. Bb5 Ne4 8. cxd4
Bb4+ 9. Bd2 Nxd2 10. Nbxd2 O-O 11. a3 Bxd2+ 12. Qxd2 Ne7 13. O-O Bg4 14. Ne1 c6
15. Bd3 Qd7 16. f4 f6 17. h3 Bf5 18. Bxf5 Qxf5 19. g4 Qe4 20. Ng2 fxe5 21. Rae1
Qg6 22. f5 Qd6 23. dxe5 Qc5+ 24. Kh2 d4 25. Nf4 Rf7 26. Ne6 Qb6 27. Qxd4 Qxd4
28. Nxd4 Rd8 29. Nf3 Nd5 30. Ng5 Re7 31. f6 gxf6 32. exf6 Rxe1 33. f7+ Kg7 34.
Rxe1 Nf4 35. Re8 Rd2+ 36. Kg3 Ng6 37. Rg8+ 1-0

[Event "LLHH 2122 SV Diagonale Harburg - FC St."]
[Site "?"]
[Date "2021.11.21"]
[Round "2.1"]
[White "Kahlert, Thomas"]
[Black "Fries-Nielsen, Jens Ove"]
[Result "0-1"]
[WhiteElo "2148"]
[BlackElo "2382"]
[PlyCount "62"]
[EventDate "2021.??.??"]

1. c4 Nf6 2. Nc3 d6 3. Nf3 Nbd7 4. d4 e5 5. e4 c6 6. Be2 g6 7. O-O Bg7 8. Be3
O-O 9. d5 c5 10. Ne1 Ne8 11. Nd3 f5 12. exf5 gxf5 13. f4 e4 14. Nf2 Bxc3 15.
bxc3 Ndf6 16. Kh1 Ng7 17. Rg1 Kh8 18. Qe1 Bd7 19. Rb1 b6 20. Nh3 Ng4 21. Bc1
Qf6 22. Nf2 Rae8 23. Bxg4 fxg4 24. Be3 g3 25. Nh3 gxh2 26. Kxh2 Bxh3 27. gxh3
Nf5 28. Rg4 Rg8 29. Rb2 Rxg4 30. hxg4 Qh6+ 31. Kg1 Qh3 0-1

[Event "LLHH 2122 SV Diagonale Harburg - FC St."]
[Site "?"]
[Date "2021.11.21"]
[Round "2.2"]
[White "Guindy, Esmat Susanne"]
[Black "Thomaschke, Dirk"]
[Result "0-1"]
[WhiteElo "2089"]
[BlackElo "2179"]
[PlyCount "66"]
[EventDate "2021.??.??"]

1. d4 Nf6 2. c4 e6 3. Nf3 b6 4. e3 Bb7 5. Bd3 c5 6. O-O Nc6 7. Nc3 cxd4 8. exd4
d5 9. Bg5 Be7 10. Bxf6 Bxf6 11. cxd5 exd5 12. Re1+ Kf8 13. Bc2 g6 14. Qd2 Kg7
15. a3 Na5 16. Qf4 Rc8 17. Rac1 a6 18. Re2 Nc4 19. Bb3 b5 20. h4 h5 21. Ng5 Re8
22. Bxc4 Rxc4 23. Rd1 Rxe2 24. Nxe2 Qe7 25. Nc3 b4 26. axb4 Qxb4 27. Qb8 Rc8
28. Qa7 Qxb2 29. Rb1 Qxc3 30. Rxb7 Qc1+ 31. Kh2 Qf4+ 32. Kh3 Bxg5 33. g3 Qxf2
0-1

[Event "LLHH 2122 SV Diagonale Harburg - FC St."]
[Site "?"]
[Date "2021.11.21"]
[Round "2.3"]
[White "Kluth, Carsten"]
[Black "Easwaralingam, Adesh"]
[Result "0-1"]
[WhiteElo "2112"]
[BlackElo "2058"]
[PlyCount "102"]
[EventDate "2021.??.??"]

1. Nf3 Nf6 2. c4 e6 3. g3 d5 4. Bg2 dxc4 5. Qa4+ c6 6. Qxc4 b5 7. Qc2 Bb7 8.
O-O Nbd7 9. d3 Rc8 10. b3 Be7 11. Bb2 O-O 12. Nbd2 a5 13. a4 Nb8 14. Rfc1 Nfd7
15. d4 b4 16. Nc4 Ba6 17. Rd1 Bxc4 18. Qxc4 Nb6 19. Qd3 N8d7 20. Rac1 Qc7 21.
h4 Rfd8 22. Ng5 Bxg5 23. hxg5 Nd5 24. e4 Ne7 25. Qe3 Qa7 26. Qe2 Qb8 27. Bf1
Qb6 28. Kg2 Nf8 29. Qe3 e5 30. Bc4 Ne6 31. Bxe6 fxe6 32. dxe5 Qxe3 33. fxe3
Rxd1 34. Rxd1 c5 35. Rc1 Rd8 36. Kf3 Rd2 37. Ba1 Ra2 38. Rxc5 Rxa1 39. Rxa5 Ra3
40. Rb5 Rxb3 41. a5 Nc6 42. Kf4 Ra3 43. Rb6 Nxa5 44. Rxb4 Rb3 45. Rd4 Nb7 46.
Rd7 Rb4 47. Re7 Nc5 48. g6 Rxe4+ 49. Kf3 hxg6 50. Rc7 Rxe5 51. g4 g5 0-1

[Event "LLHH 2122 SV Diagonale Harburg - FC St."]
[Site "?"]
[Date "2021.11.21"]
[Round "2.4"]
[White "Wasmuth, Matthias"]
[Black "Goepfert, Jakob"]
[Result "1/2-1/2"]
[WhiteElo "2153"]
[BlackElo "2101"]
[PlyCount "81"]
[EventDate "2021.??.??"]

1. d4 Nf6 2. Nf3 d5 3. e3 c6 4. Bd3 Bg4 5. Nbd2 e6 6. h3 Bh5 7. g4 Bg6 8. Ne5
Bxd3 9. Nxd3 Nbd7 10. b3 Be7 11. Bb2 Qa5 12. c3 O-O 13. O-O Ba3 14. Qc1 Bxb2
15. Qxb2 Rfe8 16. f4 c5 17. b4 cxb4 18. cxb4 Qb6 19. a4 Rec8 20. Rac1 Qd8 21.
Ne5 Ne8 22. Rxc8 Rxc8 23. Rc1 Nd6 24. Rxc8 Qxc8 25. Nxd7 Qxd7 26. Qc2 Qc8 27.
Qc5 Qb8 28. b5 h6 29. Kg2 Kf8 30. Kf3 Ke7 31. e4 b6 32. Qc6 Nxe4 33. Nxe4 dxe4+
34. Kxe4 g5 35. fxg5 hxg5 36. Qc1 f6 37. Qc6 Qf4+ 38. Kd3 Qf1+ 39. Kd2 Qf2+ 40.
Kd3 Qf1+ 41. Kd2 1/2-1/2

[Event "LLHH 2122 SV Diagonale Harburg - FC St."]
[Site "?"]
[Date "2021.11.21"]
[Round "2.5"]
[White "Thieme, Daniel Otis"]
[Black "Becker, Martin"]
[Result "1-0"]
[WhiteElo "2013"]
[BlackElo "1908"]
[PlyCount "75"]
[EventDate "2021.??.??"]

1. d4 Nf6 2. c4 e6 3. Nc3 d5 4. cxd5 exd5 5. Bg5 Be7 6. e3 O-O 7. Bd3 c6 8. Qc2
h6 9. Bh4 Bg4 10. Nge2 Re8 11. O-O Nbd7 12. f3 Be6 13. Nf4 Nf8 14. Rad1 Bd7 15.
Bf2 Bd6 16. Nfe2 Qc7 17. h3 Nh5 18. e4 Bh2+ 19. Kh1 Ng3+ 20. Bxg3 Bxg3 21. e5
Bh4 22. Nxd5 Qc8 23. Ndf4 Bg5 24. Qb3 Ne6 25. Nxe6 Bxe6 26. Bc4 Bd8 27. f4 Bb6
28. d5 cxd5 29. Bxd5 Bxd5 30. Rxd5 Qf5 31. Ng3 Qe6 32. Ne4 Re7 33. f5 Qc6 34.
f6 Re6 35. fxg7 Rg6 36. Rd6 Qxe4 37. Qxf7+ Kh7 38. g8=Q# 1-0

[Event "LLHH 2122 SV Diagonale Harburg - FC St."]
[Site "?"]
[Date "2021.11.21"]
[Round "2.6"]
[White "Holst, Marten"]
[Black "David, Torsten"]
[Result "1-0"]
[WhiteElo "1932"]
[BlackElo "2056"]
[PlyCount "69"]
[EventDate "2021.??.??"]

1. b3 b5 2. Bb2 Bb7 3. Nf3 e6 4. e3 b4 5. a3 a5 6. axb4 axb4 7. Rxa8 Bxa8 8.
Be2 Nf6 9. O-O Be7 10. d4 O-O 11. c4 bxc3 12. Nxc3 c5 13. Qa1 Nc6 14. dxc5 Bxc5
15. Rc1 Be7 16. Ba3 Nb4 17. Nb5 Nfd5 18. Qd4 f5 19. Qc4 Qb8 20. Nc7 Bc6 21.
Nxd5 Bxd5 22. Qc7 Na2 23. Bxe7 Nxc1 24. Qxc1 Rc8 25. Qb1 d6 26. h3 Qc7 27. Bh4
h6 28. Bg3 Qc1+ 29. Qxc1 Rxc1+ 30. Kh2 e5 31. Nh4 Be6 32. Bc4 Bxc4 33. bxc4
Rxc4 34. Nxf5 Rc6 35. Ne7+ 1-0

[Event "LLHH 2122 SC Königsspringer II - FC St"]
[Site "?"]
[Date "2021.12.12"]
[Round "3.1"]
[White "Trisic, Aleksandar"]
[Black "Harder, Clemens"]
[Result "0-1"]
[WhiteElo "2347"]
[BlackElo "2134"]
[PlyCount "124"]
[EventDate "2021.??.??"]

1. c4 c6 2. e4 d5 3. exd5 cxd5 4. cxd5 Nf6 5. Nc3 g6 6. Bc4 Bg7 7. d3 O-O 8.
Nf3 b6 9. O-O Bb7 10. Qb3 Na6 11. Ne5 Nc5 12. Qa3 Nxd5 13. d4 Nxc3 14. Qxc3 Ne4
15. Qe3 Rc8 16. Bb3 Nd6 17. Qf4 e6 18. g4 Ne4 19. Rd1 Qh4 20. g5 Qh3 21. Qg4
Qxg4+ 22. Nxg4 Rfd8 23. Be3 Nd6 24. d5 exd5 25. Bxd5 Bxb2 26. Rab1 Bg7 27. Bf4
Bxd5 28. Rxd5 Nf5 29. Rbd1 Rxd5 30. Rxd5 Nd4 31. Be3 Ne6 32. Rd7 Rc7 33. Rd2
Kf8 34. f3 Ke7 35. Re2 Kd7 36. Nf2 Kc8 37. Kg2 Kb7 38. Ne4 Rd7 39. f4 Rd3 40.
h4 Bd4 41. Bc1 Kc6 42. Ng3 Rc3 43. Bd2 Rc2 44. Kf3 Rxa2 45. f5 gxf5 46. Nxf5 a5
47. h5 Bc5 48. g6 hxg6 49. hxg6 fxg6 50. Rxe6+ Kd7 51. Rxg6 Rxd2 52. Ng3 a4 53.
Ne4 Rd3+ 54. Kf4 Be3+ 55. Ke5 a3 56. Nf6+ Kc8 57. Nd5 Rxd5+ 58. Kxd5 a2 59.
Rg8+ Kb7 60. Rg7+ Ka6 61. Rg8 b5 62. Rg6+ Bb6 0-1

[Event "LLHH 2122 SC Königsspringer II - FC St"]
[Site "?"]
[Date "2021.12.12"]
[Round "3.2"]
[White "Conrad, Christian"]
[Black "Jahncke, Giso"]
[Result "0-1"]
[WhiteElo "2080"]
[BlackElo "2324"]
[PlyCount "78"]
[EventDate "2021.??.??"]

1. d4 Nf6 2. Nf3 g6 3. g3 b6 4. Bg2 Bb7 5. c4 Bg7 6. Nc3 Ne4 7. Nxe4 Bxe4 8.
O-O O-O 9. Be3 d6 10. Qd2 Nd7 11. Bh6 Nf6 12. Bxg7 Kxg7 13. Rfd1 Qc8 14. Rac1
c5 15. b3 Rb8 16. Qe3 Re8 17. Qc3 Kg8 18. Bf1 a6 19. Ng5 Bf5 20. Bg2 h6 21. Nf3
Be4 22. Qe3 Kg7 23. Qc3 Kh7 24. Qe3 Kg7 25. Qc3 Qb7 26. Rd2 cxd4 27. Rxd4 b5
28. cxb5 axb5 29. Bh3 b4 30. Qd2 Bxf3 31. exf3 d5 32. Rf4 g5 33. Rd4 e5 34. Rd3
d4 35. f4 Ne4 36. Qd1 Nc3 37. Rcxc3 bxc3 38. fxe5 Rxe5 39. Rxd4 Rbe8 0-1

[Event "LLHH 2122 SC Königsspringer II - FC St"]
[Site "?"]
[Date "2021.12.12"]
[Round "3.3"]
[White "Stenner, Patrick"]
[Black "Cremer, Jochen"]
[Result "1-0"]
[WhiteElo "2270"]
[BlackElo "2107"]
[PlyCount "83"]
[EventDate "2021.??.??"]

1. d4 d5 2. c4 c6 3. cxd5 cxd5 4. Bf4 Nc6 5. e3 Nf6 6. Nc3 a6 7. Bd3 e6 8. Rc1
Bb4 9. a3 Be7 10. h3 O-O 11. Nf3 Bd7 12. O-O b5 13. b4 Qb6 14. Qe2 Rfd8 15.
Rfd1 Rac8 16. Nd2 Be8 17. Nb3 Qa7 18. Rc2 Bd6 19. Bg5 Be7 20. Rdc1 h6 21. Bf4
Qa8 22. Qf3 Nh7 23. Ne2 Kh8 24. g4 Bd6 25. Bxd6 Rxd6 26. Bxh7 Kxh7 27. Nf4 Rdd8
28. Nd3 Kg8 29. Qf4 Qa7 30. Na5 Qa8 31. Nb3 f6 32. Ndc5 Bg6 33. Rc3 Re8 34. Qd6
Bf7 35. Nd7 Ne7 36. Rc7 Rxc7 37. Rxc7 Qd8 38. Nbc5 Nc8 39. Qc6 Ne7 40. Qb7 f5
41. Ne5 fxg4 42. Rd7 1-0

[Event "LLHH 2122 SC Königsspringer II - FC St"]
[Site "?"]
[Date "2021.12.12"]
[Round "3.4"]
[White "Schroeter, Baldur"]
[Black "Breyther, Ruediger"]
[Result "0-1"]
[WhiteElo "2024"]
[BlackElo "2247"]
[PlyCount "68"]
[EventDate "2021.??.??"]

1. e4 c5 2. c3 Nf6 3. e5 Nd5 4. d4 cxd4 5. cxd4 d6 6. Nf3 e6 7. a3 Bd7 8. Bd3
Be7 9. O-O Bc6 10. Re1 Nd7 11. Qe2 dxe5 12. dxe5 Nc5 13. Bc4 a5 14. Rd1 O-O 15.
Nd4 Qc7 16. Nxc6 bxc6 17. a4 Rfd8 18. Re1 Nb6 19. b3 Nxc4 20. Qxc4 Nd3 21. Rf1
Qxe5 22. Ra2 Bc5 23. Ba3 Bxa3 24. Nxa3 Nb4 25. Re2 Qd5 26. Qc3 Qg5 27. Nc4 Rd3
28. Qb2 Qd8 29. Qb1 Qd4 30. Ne5 Rc3 31. Rd1 Qc5 32. Nd7 Qa7 33. Qb2 Rd3 34.
Red2 Qxd7 0-1

[Event "LLHH 2122 SC Königsspringer II - FC St"]
[Site "?"]
[Date "2021.12.12"]
[Round "3.5"]
[White "Mitscherling, Andreas"]
[Black "Streich, Justus"]
[Result "0-1"]
[WhiteElo "2201"]
[BlackElo "1925"]
[PlyCount "82"]
[EventDate "2021.??.??"]

1. d4 Nf6 2. Nf3 d5 3. Bf4 c5 4. c3 Nc6 5. e3 Qb6 6. Qc2 g6 7. Nbd2 Bf5 8. dxc5
Qxc5 9. Qb3 Bc8 10. h3 Bg7 11. Bd3 O-O 12. O-O Nh5 13. Bh2 e5 14. e4 Be6 15.
Ng5 h6 16. Nxe6 fxe6 17. exd5 exd5 18. Bxg6 Nf4 19. Bxf4 Rxf4 20. g3 Rff8 21.
Rad1 Kh8 22. Qc2 Rad8 23. b4 Qd6 24. Bh5 Qf6 25. b5 Ne7 26. c4 Qg5 27. Bg4 h5
28. Be2 e4 29. cxd5 e3 30. Ne4 exf2+ 31. Rxf2 Qe3 32. Qd3 Qb6 33. Kg2 Rxf2+ 34.
Nxf2 Rxd5 35. Qf3 Rf5 36. Rd7 Rxf3 37. Bxf3 Nf5 38. Rxb7 Qe3 39. h4 Be5 40. Ne4
Nd4 41. Ng5 Nxf3 0-1

[Event "LLHH 2122 SC Königsspringer II - FC St"]
[Site "?"]
[Date "2021.12.12"]
[Round "3.6"]
[White "Goetz, Claus"]
[Black "zur Lage, Julian"]
[Result "1/2-1/2"]
[WhiteElo "1910"]
[BlackElo "2155"]
[PlyCount "95"]
[EventDate "2021.??.??"]

1. e4 c5 2. Nf3 Nc6 3. Bb5 Nf6 4. Bxc6 dxc6 5. d3 Bg4 6. Nbd2 Nd7 7. O-O e5 8.
Re1 f6 9. c3 Nb6 10. Nf1 Qd7 11. h3 Bh5 12. Ng3 Bf7 13. d4 cxd4 14. cxd4 O-O-O
15. Be3 Bb4 16. Bd2 Bxd2 17. Qxd2 exd4 18. Nf5 d3 19. b3 Bh5 20. Re3 Bxf3 21.
Rxf3 Rhe8 22. Ng3 Re5 23. Rd1 Rc5 24. Qb4 Qd4 25. Qxd4 Rxd4 26. Rfxd3 Rxd3 27.
Rxd3 Rc1+ 28. Nf1 Ra1 29. Rd2 a5 30. f4 Re1 31. e5 fxe5 32. f5 Nd5 33. Kf2 Re4
34. Ng3 Rf4+ 35. Ke1 Kd7 36. Re2 a4 37. Rxe5 axb3 38. axb3 Rb4 39. Ne4 Rxb3 40.
Rxd5+ cxd5 41. Nc5+ Kd6 42. Nxb3 Ke5 43. g4 h5 44. Kf2 hxg4 45. hxg4 Kf4 46.
Nd4 Kxg4 47. Ke3 Kg5 48. Kd3 1/2-1/2

[Event "LLHH 2122 SC Königsspringer II - FC St"]
[Site "?"]
[Date "2021.12.12"]
[Round "3.7"]
[White "Priebe, Jan"]
[Black "Samm, Bastian"]
[Result "1-0"]
[WhiteElo "2191"]
[BlackElo "1758"]
[PlyCount "79"]
[EventDate "2021.??.??"]

1. e4 c5 2. Nf3 d6 3. d4 cxd4 4. Qxd4 a6 5. c4 Nc6 6. Qe3 Nf6 7. Be2 g6 8. O-O
Bg7 9. h3 O-O 10. Nc3 Nd7 11. Rd1 b6 12. b3 Bb7 13. Bb2 Nc5 14. Rab1 Rc8 15.
Nd5 Bxb2 16. Rxb2 e6 17. Nc3 Qc7 18. Rbd2 Rcd8 19. Qf4 f5 20. exf5 Rxf5 21. Qg3
e5 22. Qh4 Rh5 23. Nd5 Rxh4 24. Nxc7 Re4 25. Nd5 Kg7 26. b4 Ne6 27. Bd3 Rd4 28.
Nxd4 Ncxd4 29. Nxb6 Nf4 30. f3 Bc6 31. Be4 Bxe4 32. fxe4 Nfe2+ 33. Kh2 Rf8 34.
Nd5 Rf2 35. Rd3 Nf4 36. Nxf4 Rxf4 37. Rxd4 exd4 38. Rxd4 Rf2 39. Rxd6 Rxa2 40.
c5 1-0

[Event "LLHH 2122 SC Königsspringer II - FC St"]
[Site "?"]
[Date "2021.12.12"]
[Round "3.8"]
[White "Melde, Christian"]
[Black "Richter, Maik"]
[Result "1-0"]
[WhiteElo "1975"]
[BlackElo "2175"]
[PlyCount "57"]
[EventDate "2021.??.??"]

1. Nf3 Nf6 2. d4 g6 3. c4 Bg7 4. Nc3 O-O 5. Bg5 h6 6. Bh4 d6 7. e3 c6 8. Be2
Nbd7 9. Qc2 e5 10. dxe5 dxe5 11. Rd1 Qe7 12. O-O g5 13. Bg3 Ne8 14. h4 f5 15.
hxg5 hxg5 16. b4 e4 17. Nd4 Qxb4 18. f3 exf3 19. Rxf3 Ne5 20. Bxe5 Bxe5 21.
Rdf1 Ng7 22. g4 Bxd4 23. exd4 Qd6 24. d5 Bd7 25. Rh3 Qe5 26. Bd3 Qd4+ 27. Kh1
fxg4 28. Bh7+ Kh8 29. Bg8+ 1-0

[Event "LLHH 2122 Hamburger SK V - Hamburger SK"]
[Site "?"]
[Date "2021.12.11"]
[Round "3.1"]
[White "Meyling, Lennart"]
[Black "Fehling, Michael"]
[Result "0-1"]
[WhiteElo "2068"]
[BlackElo "2185"]
[PlyCount "56"]
[EventDate "2021.??.??"]

1. d4 Nf6 2. c4 g6 3. h4 d6 4. Nc3 Bg7 5. e4 e5 6. d5 O-O 7. Be2 Na6 8. h5 Nc5
9. h6 Bh8 10. Bg5 Qe8 11. Qc2 Bd7 12. Nh3 a5 13. O-O Qc8 14. Kh2 Ng4+ 15. Bxg4
Bxg4 16. f3 Bxh3 17. gxh3 f5 18. Qg2 Bf6 19. h4 Nd3 20. Nb5 Bxg5 21. Qxg5 Nf4
22. Qg3 Rf7 23. Nd4 Nh5 24. Qg5 exd4 25. Rg1 Kh8 26. Qd2 Qd8 27. Rg5 fxe4 28.
Qxd4+ Qf6 0-1

[Event "LLHH 2122 Hamburger SK V - Hamburger SK"]
[Site "?"]
[Date "2021.12.11"]
[Round "3.2"]
[White "Schellhorn, Wolfgang"]
[Black "Ganser, Robin"]
[Result "1-0"]
[WhiteElo "2126"]
[BlackElo "2187"]
[PlyCount "61"]
[EventDate "2021.??.??"]

1. e4 c5 2. Nf3 Nc6 3. d4 cxd4 4. Nxd4 Nf6 5. Nc3 g6 6. Nxc6 bxc6 7. e5 Ng8 8.
Bf4 Bg7 9. Bc4 Qa5 10. O-O Bxe5 11. Qf3 Bxc3 12. Bc7 Qf5 13. Qxc3 Nf6 14. Rfe1
O-O 15. Re5 Qg4 16. f3 Qf4 17. Rxe7 Qxc7 18. Qxf6 Qb6+ 19. Kh1 d5 20. Bb3 Ba6
21. Rae1 Qf2 22. Bxd5 cxd5 23. Qxa6 Qxc2 24. Qf6 Rab8 25. R7e2 Qd3 26. h3 Rb6
27. Qg5 d4 28. Qf4 Qa6 29. Re8 Qxa2 30. Rxf8+ Kxf8 31. Qh6+ 1-0

[Event "LLHH 2122 Hamburger SK V - Hamburger SK"]
[Site "?"]
[Date "2021.12.11"]
[Round "3.3"]
[White "Fuhrmann, Aake"]
[Black "Hold, Andre"]
[Result "0-1"]
[WhiteElo "1902"]
[BlackElo "2076"]
[PlyCount "70"]
[EventDate "2021.??.??"]

1. c4 g6 2. g3 Bg7 3. Bg2 c5 4. Nc3 Nc6 5. a3 Rb8 6. Rb1 a6 7. b4 cxb4 8. axb4
b5 9. cxb5 axb5 10. Nf3 e5 11. e4 Nge7 12. O-O O-O 13. d3 d6 14. Be3 Nd4 15.
Ne2 Bg4 16. Nexd4 exd4 17. Bg5 h6 18. Bxe7 Qxe7 19. Qd2 Bxf3 20. Bxf3 Rfc8 21.
Ra1 Rc3 22. Ra6 Qg5 23. Qe2 Bf8 24. Ra7 Qf6 25. Rfa1 Rbc8 26. R1a6 Rc2 27. e5
Qf5 28. Qe4 Qh3 29. Ra1 Rc1+ 30. Bd1 Qh5 31. Kg2 Qxd1 32. Rxc1 Rxc1 33. Qxd4
Qh1+ 34. Kh3 Qf1+ 35. Kg4 Qe2+ 0-1

[Event "LLHH 2122 Hamburger SK V - Hamburger SK"]
[Site "?"]
[Date "2021.12.11"]
[Round "3.4"]
[White "Czeremin, Claus"]
[Black "Foo, Tzun Hong"]
[Result "1-0"]
[WhiteElo "2019"]
[BlackElo "1881"]
[PlyCount "49"]
[EventDate "2021.??.??"]

1. Nf3 d5 2. g3 c5 3. Bg2 Nc6 4. c4 e6 5. O-O Nf6 6. cxd5 exd5 7. d4 cxd4 8.
Nxd4 Bc5 9. Nb3 Be7 10. Nc3 Be6 11. h3 O-O 12. Be3 Rc8 13. Kh2 b6 14. Rc1 Ne5
15. Bd4 Nc4 16. Qc2 Qd7 17. e3 Rfd8 18. Rfd1 Qc6 19. Qe2 b5 20. Bxf6 Bxf6 21.
Nd4 Bxd4 22. Rxd4 a6 23. Rcd1 Nxb2 24. Bxd5 Bxd5 25. Qxb2 1-0

[Event "LLHH 2122 Hamburger SK V - Hamburger SK"]
[Site "?"]
[Date "2021.12.11"]
[Round "3.6"]
[White "Schulz, Wolfgang"]
[Black "Huo, Da"]
[Result "1/2-1/2"]
[WhiteElo "2036"]
[BlackElo "1886"]
[PlyCount "90"]
[EventDate "2021.??.??"]

1. e4 c5 2. d4 cxd4 3. Nf3 Nc6 4. Nxd4 Nf6 5. Nc3 d6 6. Be3 Ng4 7. Bc1 Qb6 8.
Be3 Nxe3 9. fxe3 e5 10. Ndb5 Be6 11. Nd5 Bxd5 12. exd5 a6 13. Nxd6+ Bxd6 14.
dxc6 Qxc6 15. Qd3 O-O 16. Qc4 Qb6 17. Qb3 Bb4+ 18. Kf2 Qf6+ 19. Kg1 Bc5 20. Re1
b5 21. h4 Rfd8 22. Rh3 e4 23. Re2 Rd7 24. Rf2 Qe5 25. g4 Rad8 26. Rf5 Qd6 27.
Qc3 Rc7 28. Qe5 Qxe5 29. Rxe5 Bd6 30. Rxe4 Rxc2 31. a4 Rxb2 32. axb5 axb5 33.
Rf3 f6 34. Rf5 Be5 35. Rf2 Rb1 36. Kg2 Rdd1 37. g5 Rb3 38. gxf6 gxf6 39. Be2
Re1 40. Kf3 Kf7 41. Bf1 Ke7 42. Bh3 Ra3 43. Rd2 b4 44. Rd7+ Ke8 45. Rb7 Rc3
1/2-1/2